| 000 | 01200nam a22002657a 4500 | ||
|---|---|---|---|
| 003 | NALT | ||
| 005 | 20251125233125.0 | ||
| 008 | s2558 th tha d | ||
| 020 | _a9789746415576 | ||
| 040 | _aNALT | ||
| 041 | _atha | ||
| 050 |
_aD 843 _bส553ย 2558 |
||
| 100 | 0 |
_aสัญชัย สุวังบุตร _9364 |
|
| 245 | 1 | 0 |
_aยุโรปในสงครามเย็น ค.ศ. 1945-1991 = _bEurope in the cold war / _cสัญชัย สุวังบุตร. |
| 246 | 3 | 1 | _aEurope in the cold war |
| 260 |
_aกรุงเทพฯ : _bภาควิชาประวัติศาสตร์ คณะอักษรศาสตร์ มหาวิทยาลัยศิลปากร, _c2558. |
||
| 300 |
_a183 หน้า : _bภาพประกอบ ; _c21 ซม. |
||
| 650 | 4 |
_aสงครามเย็น _936015 |
|
| 651 | 4 |
_936016 _aยุโรป _xประวัติศาสตร์ _yค.ศ. 1945- |
|
| 850 | _aNALT | ||
| 856 | 4 | 0 | _uhttps://hdl.handle.net/20.500.14156/519738 |
| 942 |
_cGB _2lcc |
||
| 996 |
_asaiphon.d _bCATSTF _c2025-10-29 |
||
| 999 |
_c74300 _d74300 |
||
| 998 |
_j104 _k นางสาวสายฝน ดีงาม |
||